Normal view
MARC view
- الاطفال في الاسلام- التربية الاسلامية- الاخلاق الاسلامية
Entry Topical Term
001 - CONTROL NUMBER
- control field: 40198
003 - CONTROL NUMBER IDENTIFIER
- control field: JO-AjAnu
005 - DATE AND TIME OF LATEST TRANSACTION
- control field: 20230606080659.0
008 - FIXED-LENGTH DATA ELEMENTS
- fixed length control field: 230606|| aca||aabn | a|a d
040 ## - CATALOGING SOURCE
- Original cataloging agency: JO-AjAnu
- Transcribing agency: JO-AjAnu
150 ## - HEADING--TOPICAL TERM
- Topical term or geographic name entry element: الاطفال في الاسلام- التربية الاسلامية- الاخلاق الاسلامية
670 ## - SOURCE DATA FOUND
- Source citation: Work cat.: (JO-AjAnu)20606: الجراجرة، عيسى حسن ؛ تقديم: جاد الحق علي جاد الحق ، عبد العزيز الخياط ؛ مراجعة: هناء بدر السلطي, author 40197, ريادة الاسلام في تفهم خصوصية عالم الأطفال وفي تقرير وتطبيق حقوقهم الخاصة في الرعاية والتربية